000 01007nam a2200217 a 4500
001 000022295
005 20200930011654.0
008 100922s2003 dr 001 0 spa d
020 _a847432971X
040 _aDO-SdBNP
_bspa
_cBNPHU
082 _axxxx
_bT128n
100 1 _aTaguieff, Pierre Andrés
_946054
240 1 0 _aLa nouvelle judéophobie
_ltítulo en francés
245 1 3 _aLa nueva judeofobia /
_cPierre Andrés Taguieff ; traductor Tomás Fernández Aúz, Beatriz Eguibar.
260 _aBarcelona, :
_bEditorial Gedisa,
_c2003.
300 _a254 p. ;
_c23 cm.
505 2 _aPrólogo -- Recorridos en el paisaje: los actores de la judeofobia contemporánea -- Israelofobia y palestinofobia; los senderos del odio -- El nuevo antisemitismo : construcción, contenido, funcionamiento y matamorfosis. Hacia la islencios sobre la nuea judeofobia : ¿ceguera, complacencia o connivencia?
700 1 _aFernández Aúz, Tomás
_etr.
_911358
700 1 _aEguibar, Beatriz
_etr.
_911359
049 _aBNPD
999 _c21793
_d21793